Heat lightning #2 [Large Print] / John Sandford.
Available copies
- 2 of 2 copies available at LARL/NWRL Consortium.
- 2 of 2 copies available at Northwest Regional Library. (Show preferred library)
Current holds
0 current holds with 2 total copies.
View other formats and editions
Show Only Available Copies
| Location | Call Number / Copy Notes | Barcode | Shelving Location | Status | Due Date |
|---|---|---|---|---|---|
| Hallock Public Library | lp SAN (Text) | 35500004971386 | Main | Available | - |
| Warroad Public Library | lp SAN (Text) | 35500004970347 | Main | Available | - |
Record details
- ISBN: 9781602853072 (lg. print : library binding : alk. paper)
- ISBN: 160285307X (lg. print : library binding : alk. paper)
- Physical Description: 424 p. (large print) ; 23 cm.
- Edition: Center Point large print ed.
- Publisher: Thorndike, Me. : Center Point Pub., c2008.
Content descriptions
| Summary, etc.: | Minnesota Bureau of Criminal Apprehension ... Read More |
Search for related items by subject
| Subject: | Vietnam War, 1961-1975 > Veterans > Crimes against > Fiction. Government investigators > Minnesota > Fiction. Minnesota > Fiction. Large type books. |
| Genre: | Mystery fiction. |
Search for related items by series
| LDR | 01679cam a22003494a 4500 | ||
|---|---|---|---|
| 001 | 134908 | ||
| 003 | LARL_NWRL_CONSORTIUM | ||
| 005 | 20081209080258.0 | ||
| 008 | 080721s2008 meu d 000 1 eng | ||
| 020 | . | ‡a9781602853072 (lg. print : library binding : alk. paper) | |
| 020 | . | ‡a160285307X (lg. print : library binding : alk. paper) | |
| 035 | . | ‡a(OCoLC)234436646 | |
| 043 | . | ‡an-us--- ‡aa-vt--- ‡an-us-mn | |
| 049 | . | ‡aNRG | |
| 082 | 0 | 0. | ‡a813/.54 ‡222 |
| 100 | 1 | . | ‡aSandford, John, ‡d1944 February 23- ‡0(LARL_NWRL_CONSORTIUM)220778 |
| 245 | 1 | 0. | ‡aHeat lightning ‡n#2 ‡h[Large Print] / ‡cJohn Sandford. |
| 250 | . | ‡aCenter Point large print ed. | |
| 260 | . | ‡aThorndike, Me. : ‡bCenter Point Pub., ‡cc2008. | |
| 300 | . | ‡a424 p. (large print) ; ‡c23 cm. | |
| 490 | 0 | . | ‡aVirgil Flowers ; ‡v2 |
| 520 | . | ‡aMinnesota Bureau of Criminal Apprehension investigator Virgil Flowers receives a phone call notifying him another body has been found shot and the victim has a lemon in his mouth, the same as the body found the week before. Two bodies in two weeks, Flowers must find the killer before he's sorry. | |
| 650 | 0. | ‡aVietnam War, 1961-1975 ‡xVeterans ‡xCrimes against ‡vFiction. | |
| 650 | 0. | ‡aGovernment investigators ‡zMinnesota ‡vFiction. | |
| 651 | 0. | ‡aMinnesota ‡vFiction. ‡0(LARL_NWRL_CONSORTIUM)166041 | |
| 650 | 0. | ‡aLarge type books. ‡0(LARL_NWRL_CONSORTIUM)24284 | |
| 655 | 7. | ‡aMystery fiction. ‡2gsafd. | |
| 901 | . | ‡a134908 ‡bISxN ‡c134908 ‡tbiblio | |

Add to basket
Permalink
Disable Highlighting